000 01045nam a2200277 a 4500
001 BRCA_3030
003 FranzMayer
005 20230717132544.0
008 260109s2006----fi-a---###---#000-0#fin-#
020 _a9529878516
040 _cMFM
050 4 _aNK844
_b.M45 2006
245 1 0 _aMeksikon Kahdet Kasvot
_bRuth D. Lechuga-kokoelma : Franz Mayer-kokoelma.
260 _aHelsinki, Filandia
_bMuseum of Art and Design
_c2006
300 _a1 v. (en varias paginaciones)
_bil. a color
_c20 cm.
500 _aL60/N5Catálogo de la exposición realizada en el Museum of Art and Design (Helsinki, Filandia), 26 septiembre, 2006 – 14 enero, 2007
546 _aTexto en : finlandés
600 1 4 _aLechuga, Ruth D.
_d1920-2004
_xColecciones de arte
_92457
600 1 4 _aMayer, Franz
_d1882-1975
_xColecciones de arte
_98327
650 1 4 _aArte popular mexicano
_98328
650 1 4 _aArtes decorativas
_zMéxico
_93532
740 0 _aTwo Faces of Mexico
740 0 _aRuth D. Lechuga-kokoelma
740 0 _aFranz Mayer-kokoelma
942 _2lcc
_cB
999 _c2766
_d2766